NFL Pro Bowl Defensive Ends 2010s - Statistics

General Stats
  • This quiz has been taken 100 times
    32 since last reset
  • The average score is 39 of 78
Answer Stats
Year Team Player % Correct
2018 Texans J. J. Watt
97%
2015 Texans J. J. Watt
97%
2014 Texans J. J. Watt
97%
2013 Texans J. J. Watt
97%
2012 Texans J. J. Watt
97%
2019 49ers Nick Bosa
97%
2019 Chargers Joey Bosa
93%
2017 Chargers Joey Bosa
93%
2019 Jaguars Josh Allen
86%
2012 Vikings Jared Allen
83%
2011 Vikings Jared Allen
83%
2018 Browns Myles Garrett
83%
2019 Saints Cameron Jordan
79%
2018 Saints Cameron Jordan
79%
2017 Saints Cameron Jordan
79%
2015 Saints Cameron Jordan
79%
2013 Saints Cameron Jordan
79%
2016 Raiders Khalil Mack
79%
2015 Raiders Khalil Mack
79%
2019 Steelers Cameron Heyward
72%
2017 Steelers Cameron Heyward
72%
2015 Patriots Chandler Jones
69%
2019 Vikings Danielle Hunter
66%
2018 Vikings Danielle Hunter
66%
2018 Cowboys DeMarcus Lawrence
66%
2017 Cowboys DeMarcus Lawrence
66%
2019 Jaguars Calais Campbell
59%
2018 Jaguars Calais Campbell
59%
2017 Jaguars Calais Campbell
59%
2014 Cardinals Calais Campbell
59%
2014 Broncos DeMarcus Ware
52%
2016 Dolphins Cameron Wake
45%
2014 Dolphins Cameron Wake
45%
2013 Dolphins Cameron Wake
45%
2012 Dolphins Cameron Wake
45%
2011 Colts Dwight Freeney
45%
2010 Colts Dwight Freeney
45%
2017 Texans Jadeveon Clowney
45%
2016 Texans Jadeveon Clowney
45%
2012 Bears Julius Peppers
45%
2011 Bears Julius Peppers
45%
2010 Bears Julius Peppers
45%
2019 Chiefs Frank Clark
41%
2012 Giants Jason Pierre-Paul
41%
2011 Giants Jason Pierre-Paul
41%
2010 Colts Robert Mathis
41%
2017 Seahawks Michael Bennett
38%
2016 Seahawks Michael Bennett
38%
2015 Seahawks Michael Bennett
38%
2011 Texans Antonio Smith
34%
2019 Vikings Everson Griffen
34%
2017 Vikings Everson Griffen
34%
2016 Vikings Everson Griffen
34%
2015 Vikings Everson Griffen
34%
2016 Jets Leonard Williams
34%
2014 Bills Mario Williams
34%
2013 Bills Mario Williams
34%
2014 Rams Robert Quinn
34%
2013 Rams Robert Quinn
34%
2012 Broncos Elvis Dumervil
31%
2011 Broncos Elvis Dumervil
31%
2016 Falcons Vic Beasley
31%
2010 Falcons John Abraham
28%
2010 Giants Justin Tuck
28%
2016 Bengals Carlos Dunlap
24%
2015 Bengals Carlos Dunlap
24%
2016 Seahawks Cliff Avril
24%
2015 Lions Ezekiel Ansah
24%
2019 Chargers Melvin Ingram
24%
2018 Chargers Melvin Ingram
24%
2017 Chargers Melvin Ingram
24%
2017 Jaguars Yannick Ngakoue
24%
2011 Eagles Jason Babin
17%
2010 Titans Jason Babin
17%
2011 Patriots Andre Carter
10%
2010 Steelers Brett Keisel
10%
2013 Panthers Greg Hardy
10%
2010 Dolphins Randy Starks
7%
No matching quizzes found
Score Distribution
Percent of People with Each Score
Percentile by Number Answered
Your Score History
You have not taken this quiz since the last reset